00332 2200133 4500245005700000020002200057250001000079100002700089005001900116260003100135041001400166084000900180336000900189 aMenapak Koridor TengahcSarwono KuusumaatmadjahText a978-602-412-444-1 acet.3 aSarwono Kuusumaatmadja a20240925145047 aJakartabBuku Kompasc2018 aIndonesia aNONE atext